Normal view
MARC view
- Vandenbussche, J
Entry Personal Name
001 - CONTROL NUMBER
- control field: 99195
003 - CONTROL NUMBER IDENTIFIER
- control field: NUST
005 - DATE AND TIME OF LATEST TRANSACTION
- control field: 20221006092957.0
008 - FIXED-LENGTH DATA ELEMENTS
- fixed length control field: 221006|| aca||aabn | a|a d
040 ## - CATALOGING SOURCE
- Original cataloging agency: NUST
- Transcribing agency: NUST
100 ## - HEADING--PERSONAL NAME
- Personal name: Vandenbussche, J
670 ## - SOURCE DATA FOUND
- Source citation: Work cat.: (NUST)175888: Vandenbussche, J., Systematic design of analog IP blocks /, 2003.
